| 000 | 00880nam a2200217 4500 | ||
|---|---|---|---|
| 005 | 20180731142626.0 | ||
| 010 | _a1718EN-30 ENG-123634 | ||
| 020 |
_a9788178244747 _c895.00 |
||
| 035 | _aB-683150-151 EN-107166 | ||
| 037 |
_bAakar _adpl |
||
| 037 | _bDBAD/PUB | ||
| 082 | _a894.81209 | ||
| 100 | _aUdaya Kumar | ||
| 245 |
_aWriting the first person: _cby Udaya Kumar _bliterature, history and autobiography in modern Kerala / |
||
| 260 |
_aNew Delhi _bPermanent Black _c2016 |
||
| 270 |
_aHimalayana, Mall Road, Ranikhet Cantt. _bRanikhet _e263645 |
||
| 300 |
_axi,324p. _b21cm(Hb) |
||
| 500 | _aIncludes bibliographical references and index | ||
| 942 |
_2ddc _cEN _mUDA _h894.81209 |
||
| 999 |
_c145971 _d145971 |
||